The perfect supplements for your American history course (Record no. 36146)

MARC details
000 -LEADER
fixed length control field 00398nam a2200157Ia 4500
020 ## - INTERNATIONAL STANDARD BOOK NUMBER
ISBN 9780393171159
050 ## - CALL MARK
Classification number E 178 .1 .T55/
100 ## - STATEMENT OF RESPONSIBILITY--MAIN AUTHOR NAME
Personal name Tindall, George Brown
245 #4 - TITLE STATEMENT
Title The perfect supplements for your American history course
250 ## - EDITION / VOLUME STATEMENT
Edition / Volume statement 7th ed.
260 ## - PUBLICATION, DISTRIBUTION, ETC. (IMPRINT)
Name of publisher Norton
300 ## - PHYSICAL DESCRIPTION
Number of Pages 143 p
942 ## - ADDED ENTRY ELEMENTS (KOHA)
Koha item type Books
Holdings
Withdrawn status Lost status Source of classification or shelving scheme Damaged status Not for loan Permanent Location Current Location Date acquired Accession Number Price effective from Koha item type
    Library of Congress Classification     NILE UNIVERSITY OF NIGERIA - MAIN LIBRARY NILE UNIVERSITY OF NIGERIA - MAIN LIBRARY 04/23/2025 0002312 04/23/2025 Books